000 00638nam a2200205 a 4500
001 BRCA_2969
005 20190320204041.0
008 181208s1939----mx-a---###---#000-0#spa-#
050 4 _aN331
_b.C37 1939
100 1 _aCarrillo y Gariel, Abelardo
_91363
245 1 0 _aDatos sobre la Academia de San Carlos de Nueva España
_bel arte en México de 1781 a 1863
_cAbelardo Carrillo y Gariel.
260 _aMéxico
_bs. e.
_c1939
300 _a113 p.
_bil.
_c17 cm.
500 _aB81
610 2 4 _aAcademia de San Carlos (México)
_98234
650 1 4 _aArte
_xHistoria
_98235
650 1 4 _aArte
_zMéxico
_98236
902 _aGFM
942 _2lcc
_cB
999 _c2708
_d2708